Podniky, ktorých sa týkajú rozšírené požiadavky na vykazovanie informácií vo výročnej správe v roku 2018
Základné ustanovenie o určení subjektov, ktoré majú povinnosť vykazovať rozšírené nefinančné informácie. Charakter nefinančných informácií. Prepojenie s finančnými informáciami. Rámce vykazovania. Oslobodenie z povinností. Úplnosť informácií. Politika rozmanitosti. Overenie výročnej správy audítorom...
Gespeichert in:
| 1. Verfasser: | |
|---|---|
| Format: | Buchkapitel |
| Sprache: | Slowakisch |
| Schlagworte: | |
| Tags: |
Keine Tags, Fügen Sie das erste Tag hinzu!
|
MARC
| LEADER | 00000naa a2200000 4500 | ||
|---|---|---|---|
| 001 | 0245586 | ||
| 005 | 20240502073943.4 | ||
| 041 | 0 | |a slo | |
| 044 | |a SK | ||
| 245 | 1 | 0 | |a Podniky, ktorých sa týkajú rozšírené požiadavky na vykazovanie informácií vo výročnej správe v roku 2018 |c Renáta Pakšiová |
| 520 | |a Základné ustanovenie o určení subjektov, ktoré majú povinnosť vykazovať rozšírené nefinančné informácie. Charakter nefinančných informácií. Prepojenie s finančnými informáciami. Rámce vykazovania. Oslobodenie z povinností. Úplnosť informácií. Politika rozmanitosti. Overenie výročnej správy audítorom. Vyhlásenie o správe a riadení. | ||
| 610 | 2 | 0 | |a účtovníctvo |
| 610 | 2 | 0 | |a jednotka účtovná |
| 610 | 2 | 0 | |a správy výročné |
| 610 | 2 | 0 | |a informácie |
| 610 | 2 | 0 | |a legislatíva |
| 100 | 1 | |a Pakšiová, Renáta, 1974- | |